Movies set in Britain - Statistics

General Stats
  • This quiz has been taken 412 times
  • The average score is 7 of 15
Answer Stats
Hint Answer % Correct
Historical figure overcomes his speech impediment The King's Speech
80%
FREEDOMMMM!! Braveheart
74%
Heroin addicts in Scotland Trainspotting
73%
Romantic comedy set at Christmas Love Actually
68%
Four-eyed outcast finally comes out from under the stairs Harry Potter and the Philosopher's Stone
58%
Tale of runners in the 1924 Olympics Chariots of Fire
56%
Excellent London cop moves to sleepy English village Hot Fuzz
55%
Ultra-violent teens in a dystopian future A Clockwork Orange
40%
Drama following skinheads in 1980s England This is England
38%
American gets bitten in the Yorkshire dales An American Werewolf in London
34%
Agent protects his boss from sadistic Spaniard Skyfall
27%
"Never in the field of human conflict, has so much been owed by so many to so few" Battle of Britain
19%
Cocaine dealer attempts to get out Layer Cake
15%
"There's a mole at the top" Tinker Tailor Soldier Spy
14%
Two cops follow investigate a series of killings...and one of them is the daddy! The Sweeney
4%
No matching quizzes found
Score Distribution
Percent of People with Each Score
Percentile by Number Answered
Your Score History
You have not taken this quiz